| 000 | 01077nam a2200265Ia 4500 | ||
|---|---|---|---|
| 003 | OSt | ||
| 005 | 20220923223347.0 | ||
| 006 | a|||||r|||| 00| 0 | ||
| 007 | ta | ||
| 008 | 220922b |||||||| |||| 00| 0 hin d | ||
| 024 | _a213,885 | ||
| 037 | _cTextual | ||
| 040 |
_aARTS _cARTS _bhin |
||
| 041 |
_2hin _ahin |
||
| 082 | _aO152,3M99j, J6;K0 | ||
| 100 | _aवाजपेयी, नन्द दुलारे, संपा. | ||
| 245 | 0 | _aभगवती प्रसाद वाजपेयी अभिनन्दन ग्रंथ | |
| 246 | _aBhagavatī prasād vājapeyī abhinandan grantha | ||
| 260 |
_aकानपुर _b श्री भगवतीप्रसाद वाजपेयी अभिनन्दन समिति _c1960 |
||
| 300 |
_a213 पृ. _ccm. |
||
| 650 |
_a हिन्दी साहित्य _9156264 |
||
| 650 | _aहिन्दी कहानी | ||
| 942 |
_hO152,3M99j, J6;K0 _cTEXL _2CC |
||
| 999 |
_c364093 _d364093 |
||